British interests in the Mediterranean and Middle East /

Bibliographic Details
Corporate Author: Royal Institute of International Affairs
Format: Book
Language:English
Published: London, New York : Oxford University Press, 1958.
Subjects:

MARC

Tag First Indicator Second Indicator Subfields
LEADER 00000cam a2200000 4500
001 in00000068831
005 20151008050842.0
008 721005s1958 enk 00000 eng u
010 |a  58004310  
035 |a (OCoLC)00423539 
035 |9 AAG3814AM 
040 |c OUN  |d OCL  |d TXA  |d UtOrBLW 
049 |a TXAM  |c 1 [298930] 
050 0 |a DS63.2.G7  |b R6 
082 0 |a 327.420956 
092 |a 327.42  |b R888b 
110 2 |a Royal Institute of International Affairs. 
245 1 0 |a British interests in the Mediterranean and Middle East /  |c a report by a Chathan House study group. 
264 1 |a London,  |a New York :  |b Oxford University Press,  |c 1958. 
300 |a vi, 123 pages ;  |c 23 cm. 
336 |a text  |b txt  |2 rdacontent 
337 |a unmediated  |b n  |2 rdamedia 
338 |a volume  |b nc  |2 rdacarrier 
651 0 |a Great Britain  |x Relations  |z Middle East. 
651 0 |a Middle East  |x Relations  |z Great Britain. 
999 |a MARS 
999 f f |s 2ebd8741-b715-395a-a8da-1a77c845eb17  |i 444bb5e5-524e-355f-b98b-cadec9ca8091  |t 0 
952 f f |p ric  |a Texas A&M University  |b Rellis Campus  |c Joint Library Facility  |d Remote Storage  |t 0  |e DS63.2.G7 R6  |h Library of Congress classification  |i unmediated -- volume  |m A14800674725 
998 f f |a DS63.2.G7 R6  |t 0  |l Remote Storage